书目信息 |
| 题名: |
法律帮助一点通
|
|
| 作者: | 袁其国 总主编 ;朱群莉 执行主编 | |
| 分册: | 合同纠纷 | |
| 出版信息: | 北京 中国检察出版社 2009.01 |
|
| 页数: | 185页 | |
| 开本: | 21cm | |
| 丛书名: | ||
| 单 册: | ||
| 中图分类: | D920.4 | |
| 科图分类: | ||
| 主题词: | 经济合同--jing ji he tong--经济纠纷--基本知识--中国 | |
| 电子资源: | ||
| ISBN: | 978-7-80086-883-2 | |
| 000 | 01004nam0 2200277 450 | |
| 001 | 012010961940 | |
| 005 | 20100605093328.39 | |
| 010 | @a978-7-80086-883-2@dCNY15.00 | |
| 100 | @a20100604d2009 em y0chiy0120 ea | |
| 101 | 0 | @achi |
| 102 | @aCN@b110000 | |
| 105 | @ay z 000yy | |
| 106 | @ar | |
| 200 | 1 | @a法律帮助一点通@Afa lu bang zhu yi dian tong@i合同纠纷@f袁其国总主编@Fzong zhu bian yuan qi guo@g朱群莉执行主编@Gzhu qun li zhi xing zhu bian |
| 205 | @a第2版@b修订版 | |
| 210 | @a北京@c中国检察出版社@d2009.01 | |
| 215 | @a185页@d21cm | |
| 300 | @a“农村书屋”·“送书下乡工程”入选图书 | |
| 330 | @a本书采用通俗易懂的语言,以问答的方式列举出一些常用的合同纠纷,并提出相应的解决办法及法律依据。 | |
| 517 | 1 | @a合同纠纷@Ahe tong jiu fen |
| 606 | 0 | @a经济合同@Ajing ji he tong@x经济纠纷@x基本知识@y中国 |
| 690 | @aD920.4@v4 | |
| 701 | 0 | @a袁其国@Ayuan qi guo@4总主编 |
| 702 | 0 | @a朱群莉@Azhu qun li@4执行主编 |
| 801 | 0 | @aCN@bQSSK@c20100605 |
| 905 | @b781630-32@dD920.4@eY901@f3 | |
| 法律帮助一点通.合同纠纷/袁其国总主编/朱群莉执行主编.-第2版,修订版.-北京:中国检察出版社,2009.01 |
| 185页;21cm |
| “农村书屋”·“送书下乡工程”入选图书 |
| ISBN 978-7-80086-883-2:CNY15.00 |
| 本书采用通俗易懂的语言,以问答的方式列举出一些常用的合同纠纷,并提出相应的解决办法及法律依据。 |
| ● |
| 相关链接 |
|
|
|
正题名:法律帮助一点通
索取号:D920.4/Y901
 
预约/预借
| 序号 | 登录号 | 条形码 | 馆藏地/架位号 | 状态 | 备注 |
| 1 | 781630 | 207816309 | 社科库509/509社科库 83排7列4层/ [索取号:D920.4/Y901] | 在馆 | |
| 2 | 781631 | 207816318 | 社科库509/509社科库 83排7列4层/ [索取号:D920.4/Y901] | 在馆 | |
| 3 | 781632 | 207816327 | 社科库509/509社科库 83排7列4层/ [索取号:D920.4/Y901] | 在馆 |